00637nam a22001817a 4500003000500000038001800005082000800023100002400031245008700055264003500142300002500177650003700202700004100239856005700280942001200337999001900349952008700368NUST aNusrat Nadeem a200 aKhan, Umair9124620 aA Comparison Study of Android Browsers Forensics for Data Remnants /cUmair Khan,  aIslamabad;bSEECS NUST;c2024. a111,p;bill;c30,cm. aMS- Information Security 927215 aSupervisor: Dr. Mehdi Hussain996690 uhttp://10.250.8.41:8080/xmlui/handle/123456789/44702 2ddccSC c610431d610431 00104070aCLbCLcTHEd2024-07-19l0o200pCL-T-7181r2024-07-19w2024-07-19ySC